UBT Library

IL Servitore di Duo Padroni (Record no. 60777)

000 -LEADER
fixed length control field 00303nam a22001337a 4500
008 - FIXED-LENGTH DATA ELEMENTS--GENERAL INFORMATION
fixed length control field 260211b ||||| |||| 00| 0 eng d
020 ## - INTERNATIONAL STANDARD BOOK NUMBER
International Standard Book Number 9788853623140
041 ## - LANGUAGE CODE
Language code of text/sound track or separate title ital
080 ## - UNIVERSAL DECIMAL CLASSIFICATION NUMBER
Universal Decimal Classification number 0.5
100 ## - Rafti
Rafti 20
101 ## - Shkurtesa
Shkurtesa ital
245 ## - TITLE STATEMENT
Title IL Servitore di Duo Padroni
Statement of responsibility, etc Carlo Goldoni
942 ## - ADDED ENTRY ELEMENTS (KOHA)
Source of classification or shelving scheme
Item type Books
Holdings
Withdrawn status Lost status Source of classification or shelving scheme Damaged status Not for loan Permanent location Current location Date acquired Total Checkouts Barcode Date last seen Price effective from Koha item type
          UBT - Lipjan UBT - Lipjan 02/11/2026   002-800070999449 02/11/2026 02/11/2026 Books
UBT Library © 2015-2024. All rights reserved University Education for Business and Technology